| 000 | 01316nam a2200397 a 4500 | ||
|---|---|---|---|
| 999 |
_c6729 _d6729 |
||
| 001 | 6729 | ||
| 003 | BD-JhCC | ||
| 005 | 20180329181008.0 | ||
| 008 | 180129t19781928nyu 000 1 engmd | ||
| 020 | _a0871401223 | ||
| 035 | _a(BD-JhCC)6729 | ||
| 035 | _a(OCoLC)04004571 | ||
| 035 | _aGLIS00206569 | ||
| 040 |
_aBD-JhCC _cDLC _dBD-JhCC _dMYG |
||
| 041 | _aeng | ||
| 082 |
_a813.3 _bMEL 1956 |
||
| 090 |
_aPS2384 _b.S5 1978 |
||
| 099 | _aPS2384.S5 1978 | ||
| 100 | 1 |
_aMelville, Herman, _d1819-1891. |
|
| 245 | 1 | 0 |
_aShorter novels of Herman Melville. _cHerman Melville, |
| 260 |
_aNew York : _bLiveright, _c1978, c1928. |
||
| 300 |
_a271 p. ; _c19 cm. |
||
| 505 | 0 | _aBenito Cereno.--Bartleby the scrivener.--The Encantadas, or Enchanted Isles.--Billy Budd, foretopman. | |
| 650 | _aManners and Customs | ||
| 650 | _aAmerican Literature | ||
| 700 | 1 |
_aMelville, Herman, _d1819-1891. _tBenito Cereno. |
|
| 700 | 1 |
_aMelville, Herman, _d1819-1891. _tBartleby, the scrivener. |
|
| 700 | 1 |
_aMelville, Herman, _d1819-1891. _tEncantadas. |
|
| 700 | 1 |
_aMelville, Herman, _d1819-1891. _tBilly Budd. |
|
| 740 | 0 | _aBenito Cereno. | |
| 740 | 0 | _aBartleby the scrivener. | |
| 740 | 4 | _aThe Encantadas. | |
| 740 | 0 | _aBilly Budd, foretopman. | |
| 942 |
_2ddc _cBK |
||